Význam marketingového inštrumentária pri rozvoji športového odvetvia so zameraním na ženský golf dizertačná práca

Gespeichert in:
Bibliographische Detailangaben
1. Verfasser: Malíčková, Lucia, 1988-
Körperschaft: Obchodná fakulta EU. Katedra marketingu
Weitere Verfasser: Žák, Štefan, 1971-
Format: Buch
Sprache:Slowakisch
Veröffentlicht: Bratislava 2024
Schlagworte:
Tags: Tag hinzufügen
Keine Tags, Fügen Sie das erste Tag hinzu!

MARC

LEADER 00000nbm a2200000 4500
001 0303039
005 20240718102834.5
041 0 |a slo 
044 |a SK 
245 1 0 |a Význam marketingového inštrumentária pri rozvoji športového odvetvia so zameraním na ženský golf  |b dizertačná práca  |c Lucia Malíčková ; školiteľ: Štefan Žák 
264 1 |a Bratislava  |c 2024 
300 |a 175 s. 
610 2 0 |a šport 
610 2 0 |a nástroje marketingové 
100 1 |a Malíčková, Lucia, 1988- 
700 1 |a Žák, Štefan, 1971- 
710 2 |a Obchodná fakulta EU. Katedra marketingu